00884nam a2200157 a 4500020002700000020003000027082001700057245003600074250001200110260004100122300001300163520044000176700001900616700002100635856007000656 a0471597694 (hardcover) a9780471597698 (hardcover) a543.0858 MYE10aLaser techniques in chemistry / a1st ed. a[S.l.] :bWiley-Interscience,c1995. a429 p. ; aTen diverse laser spectroscopic techniques are described by one or more of their leading practitioners. Every chapter discusses how the particular spectroscopy performed experimentally and/or interpretively, the types of systems which apply to it and the information that can be learned from its use. Features several speculations of possible further developments and extensions of the methods which may be expected in the near future.1 aMyers, Anne B.1 aRizzo, Thomas R.40uhttp://www.amazon.com/exec/obidos/ASIN/0471597694/chopaconline-20